Arctic Monkeys - I Ain't Quite Where I Think I Am (Lyrics) - Statistics

General Stats
  • This quiz has been taken 17 times
  • The average score is 116 of 174
Answer Stats
Answer % Correct
a
100%
am
100%
I
100%
quite
100%
think
100%
where
100%
ain't
92%
in
92%
And
83%
can
83%
over
83%
see
83%
displays
75%
Is
75%
island
75%
I've
75%
land
75%
now
75%
the
75%
The
75%
to
75%
To
75%
affection
67%
believe
67%
both
67%
by
67%
disco
67%
fly
67%
Formation
67%
From
67%
given
67%
islands
67%
it
67%
my
67%
of
67%
other
67%
suspect
67%
there's
67%
You
67%
you
67%
been
58%
coming
58%
good
58%
into
58%
invite
58%
it's
58%
It's
58%
keypad
58%
me
58%
reason
58%
Riviera
58%
strobes
58%
Wait,
58%
way
58%
blocks
50%
can't
50%
few
50%
Freaky
50%
get
50%
hands
50%
Let's
50%
like
50%
Looks
50%
point
50%
shake
50%
stumbling
50%
vantage
50%
your
50%
Blank
42%
But
42%
but
42%
expressions
42%
If
42%
retina
42%
scan
42%
silences
42%
tingles
42%
always
33%
awkward
33%
face
33%
fill
33%
guests
33%
half
33%
intermission
33%
know
33%
party
33%
predictions
33%
seem
33%
set
33%
Stackable
33%
suggest
33%
up
33%
worth
33%
blast
25%
Early
25%
past
25%
spine
25%
would
25%
race
17%
spare
17%
will
17%
No matching quizzes found
Score Distribution
Percent of People with Each Score
Percentile by Number Answered
Your Score History
You have not taken this quiz